000
00292nam a2200109Ia 4500
001
1275942
005
20260417160437.0
008
260417s9999 xx 000 0 und d
020
_a
9786256495166
245
0
_a
Nene Hatun ve Köyün Sivil Ordusu
_c
Büşra Şen Altun
260
_b
Ketebe Çocuk
999
_c
1275942
_d
1275942